000 00517nam a2200169 i 4500
001 20427
003 ES-MaACL
005 20230906152313.0
007 t|
008 021112s1974 sp ||||1| spa d
100 1 _aAguilera Cerni, Vicente.
_918775
245 1 0 _aGranada
_b: octubre-noviembre 1974 /
_cVicente Aguilera Cerni, Eduardo Sanz.
260 _aGranada :
_bBanco de Granada,
_c[1974]
300 _a47 p. :
_blám. col. ;
_c22 cm.
700 1 _aSanz, Eduardo.
_9103575
852 _aES-MaACL
_jE-5872
_bR.90088
999 _c20427
_d20427